000 00493nam a2200169Ia 4500
003 GCL
008 140319s9999 xx 000 0 eng d
040 _aGCL /
_cGCL
082 0 4 _a940.5
_bR R
100 1 _aREAU, ELISABETH DU
245 1 0 _aREGARDS CROISES ET COOPERATION EN EUROPE AU XX SIECLE /
_cREAU, ELISABETH DU
260 _a[S.N] :
_bPRESSES DE LA SORBONNE NOUVELLE ،
_c1996
300 _a212 P
650 0 4 _aHISTORY
650 0 4 _aEUROPE - HISTORY - 20TH CENTURY
942 _2ddc
_cBK
999 _c16448
_d16448